00291nam a2200121Ia 45000030006000000080041000060400015000471000014000622450030000762600034001065460012001400050017001520STCL150530s9999 xx 000 0 und d aSTCLcSTCL aHawthorne aHouse of the seven gables bOxford University pressc1924 aEnglish20220125171020.0